| 000 | 01174nam a2200325 i 4500 | ||
|---|---|---|---|
| 001 | bg | ||
| 003 | KOSZ 005 | ||
| 005 | 20200630132822.0 | ||
| 008 | 071019s1968 pl a f 001 0 pol | ||
| 015 | _aPB 1968/5954 | ||
| 040 |
_aWA N _cKOSZ 005 |
||
| 041 | 1 |
_apol _heng |
|
| 080 | _a53 | ||
| 080 | _a519 | ||
| 100 | 1 |
_aHamermesh, Morton _d(1915- ). |
|
| 245 | 1 | 0 |
_aTeoria grup w zastosowaniu do zagadnień fizycznych / _cM. Hamermesh ; [tł. E. Detyna, R. Kerner, K. Szymborski]. |
| 246 | 1 |
_iTyt. oryg.: _aGroup theory and its application to physical problems. |
|
| 260 |
_aWarszawa : _b Państwowe Wydawnictwo Naukowe, _c1968. |
||
| 300 |
_a581, [2] s. : _bil. ; _c23 cm. |
||
| 380 | _aKsiążki | ||
| 504 | _aBibliogr. s. [569]. Indeks. | ||
| 650 | 4 |
_aFizyka _xmetody. |
|
| 650 | 4 |
_aTeoria grup _xstosowanie _xfizyka. |
|
| 700 | 1 |
_aDetyna, Edward. _eTł. |
|
| 700 | 1 |
_aKerner, Ryszard. _eTł |
|
| 700 | 1 |
_aSzymborski, Krzysztof. _eTł. |
|
| 710 | 2 |
_aPaństwowe Wydawnictwo Naukowe _4pbl. |
|
| 856 |
_uhttp://koha.tu.koszalin.pl/cgi-bin/koha/opac-detail.pl?biblionumber=10997 _yKatalog online BPK |
||
| 942 |
_2UKD _cKS |
||
| 999 |
_c10997 _d10997 |
||